01083nam0a22002411 4500001001000000005001700010035002600027100004100053101000800094102000700102105001800109200029700127210002300424215003400447320004700481600004600528600007000574702006900644712005900713801001800772801002200790852002900812rc\65950220260407073359.0 a(NLR Aleph) 005898882 a20031121d1986 |||y0rusy50 ca0 arus aRU aa |||||||||1 aА.Н. Воронихин. Т. де Томон. А.Д. Захаровe(К 225-летию со дня рождения)eИз фондов ЭрмитажаeКат. выст.f[Составители А.Н. Воронихина и др.gВступ. ст. Т.А. Петровой, с. 3-21] aЛ.cБ. и.d1986 a44 с., [9] л. ил.d15х21 aБиблиогр. в примеч.: с. 21 1aТомонbТ. деgТома де2psbo 1aЗахаровbА.Д.gАндреян Дмитриевич2psbo 1aВоронихинаbА.Н.gАнна Николаевна422002aЭрмитажcЛенинград3RU\NLR\AUTH\883314 0aRUbNLRgpsbo 1aRUbELAR2rusmarc aNLRbЭjКИс134/Л452